00821nas a2200229Ia 4500001001600000003001000016008004100026040002500067041001300092100002300105210002600128222002600154245008900180250001100269260000900280501012300289300001600412362001800428500010900446650002500555700001100580A05/R047-32330 IT-MiCISF161014c99999999xx |||||||||||| ||und|| aIT-MiCISFcIT-MiCISF aITALIANO aParlamento Europeo aCittadini in crescita aCittadini in crescita 0aAttuazione delle misure di lotta contro il turismo sessuale che coinvolge l'infanzia a1a ed. c2000 bCISF - Centro Internazionale Studi Famiglia - Via Giotto, 36 20145 MILANO (non commercial uses only)cCopyright 2016 app. 313-321 an. 2-3 [2000] arisoluzione del Parlamento europeo del 30 marzo 2000 Tema: società, abuso-sessuale, infanzia, politica asocietàvdocumento aAA.VV.